| 000 | 00483nam a2200133Ia 4500 | ||
|---|---|---|---|
| 008 | 260210s9999 xx 000 0 und d | ||
| 024 | _a09B-140-EE, 10B-54-EE, 10B-69-EE & 10B-77-EE | ||
| 082 | _a629.231072 SYE | ||
| 100 | _aSyed Muhammad Moiz, Muhammad Salik, Muhammad Faizan Ahmed & Syed Fayyaz ul Haq | ||
| 245 | 0 | _aUGCV (Unmanned Ground Combat Vehicle) | |
| 260 |
_aKarachi: _bUITU, _c2010 |
||
| 600 | _aElectronic Engineering | ||
| 650 | _aBachelor of Engineering (BE) | ||
| 999 |
_c33083 _d33083 |
||